| 000 | 01383naa a22003137a 4500 | ||
|---|---|---|---|
| 001 | BR8502160 | ||
| 003 | BR-BrBNA | ||
| 005 | 20250721154452.0 | ||
| 007 | ta | ||
| 008 | 250630b bl.|||m| |||| 00| 0 por d | ||
| 040 |
_aBR-BrBNA _bpor _cBiblioteca Nacional de Agricultura |
||
| 041 | _a(Pt) | ||
| 072 |
_aQ03 _b9705 _bG514 |
||
| 090 | _aQ03 BR8502160 | ||
| 100 | 1 | _aScheffer, A. | |
| 111 | 1 |
_a4. Simposio do Centro Nacional de Pesquisa de Suinos e Aves; 1. Simposio Catarinense de Sanidade Avicola _cChapeco, SC (Brazil) _d9-12 Sep 1985 |
|
| 245 | 1 | _aPrincipais causas de condenacoes de carcacas de aves em abatedouros sob inspecao federal no estado de Santa Catarina | |
| 500 | _aAnais do 4. Simposio do Centro Nacional de Pesquisa de Suinos e Aves; 1. Simposio Catarinense de Sanidade Avicola Concordia, SC (Brasil): 1985. p. 159-181 [12 tables; 7 graphs] (BR8502160-AMS) | ||
| 773 | 0 |
_tAnais do 4. Simposio do Centro Nacional de Pesquisa de Suinos e Aves; 1. Simposio Catarinense de Sanidade Avicola _wQ03 BR8502160 _gConcordia, SC (Brasil), 1985. p. 159-181 |
|
| 650 | _aAVE DOMESTICA | ||
| 650 | _aCARNE | ||
| 650 | _aABATE | ||
| 650 | _aABATEDOURO | ||
| 650 | _aCARCACA | ||
| 650 | _aINSPECAO SANITARIA | ||
| 490 |
_aDocumentos - Centro Nacional de Pesquisa de Suinos e Aves (Brazil) _vno. 9 |
||
| 942 |
_cAMS _2AGRIS |
||
| 909 |
_a202506 _bLúcia _c55 _dLúcia Elande |
||
| 999 |
_c334987 _d334987 |
||